000
00336 a2200109 4500
001
ART_9643
005
20260410161837.0
008
260409a
245
1
0
_a
Un modelo de optimización de beneficios
100
1
_a
Wajchman, Mauricio
773
0
_t
Contabilidad y administración
_g
- Año 6, Nº 57 (mar. 1982)
_w
REV5485
999
_c
23763
_d
23763